000 00431nam a2200145Ia 4500
008 100204s9999 xx 000 0 und d
082 _b8147
100 _aगोवंडे श्रीकांत
245 _a120 गोष्टी
260 _b"अनमोल प्रकाशन, पुणे"
_c1985
300 _a98
630 _a120 गोष्टी
730 _a120 गोष्टी
942 _cBOOK
999 _c452583
_d452580